Principios de desarrollo económico / (Registro nro. 8743)
[ vista simple ]
| 000 -LEADER | |
|---|---|
| fixed length control field | 03185nam a2200301Ia 4500 |
| 003 - CONTROL NUMBER IDENTIFIER | |
| control field | OSt |
| 005 - DATE AND TIME OF LATEST TRANSACTION | |
| control field | 20211029164836.0 |
| 008 - FIXED-LENGTH DATA ELEMENTS--GENERAL INFORMATION | |
| fixed length control field | 210310s2008 ck fr 000 0dspa d |
| 020 ## - INTERNATIONAL STANDARD BOOK NUMBER | |
| International Standard Book Number | 9789586485418 |
| 040 ## - CATALOGING SOURCE | |
| Original cataloging agency | CO-JMCR |
| Transcribing agency | CO-JMCR |
| 041 0# - LANGUAGE CODE | |
| Language code of text/sound track or separate title | spa |
| 082 04 - DEWEY DECIMAL CLASSIFICATION NUMBER | |
| Classification number | 338.9 / |
| Item number | A283p |
| Edition number | 23 |
| 100 1# - MAIN ENTRY--PERSONAL NAME | |
| Personal name | Aguilar Zuluaga, Ignacio, |
| 9 (RLIN) | 18158 |
| Relator term | autor |
| 245 10 - TITLE STATEMENT | |
| Title | Principios de desarrollo económico / |
| Statement of responsibility, etc. | Ignacio Aguilar Zuluaga |
| 250 ## - EDITION STATEMENT | |
| Edition statement | Segunda edición |
| 260 ## - PUBLICATION, DISTRIBUTION, ETC. | |
| Place of publication, distribution, etc. | Bogotá : |
| Name of publisher, distributor, etc. | Ecoe : Universidad Sergio Arboleda, |
| Date of publication, distribution, etc. | 2008 |
| 300 ## - PHYSICAL DESCRIPTION | |
| Extent | xii, 231 páginas ; |
| Dimensions | 24 cm. |
| 490 0# - SERIES STATEMENT | |
| Series statement | Textos universitarios. Economía y Finanzas |
| 500 ## - GENERAL NOTE | |
| General note | Incluye glosario, notas a pie de página y datos biográficos del autor en solapa. |
| 504 ## - BIBLIOGRAPHY, ETC. NOTE | |
| Bibliography, etc. note | Bibliografía: páginas 229-231 |
| 505 0# - FORMATTED CONTENTS NOTE | |
| Formatted contents note | Qué es el desarrollo económico -- Síntesis histórica de la teoría del desarrollo económico -- Economías desarrolladas e insuficientemente desarrolladas -- Desarrollo económico y pobreza -- Las etapas del desarrollo económico -- Condiciones e instrumentos para el desarrollo económico -- Obstáculos al desarrollo económico --Teorías y modelos del crecimiento y el desarrollo a largo plazo -- Las inversiones para el desarrollo, alternativas, estrategias y criterios de inversión -- Progreso técnico y desarrollo -- El desarrollo económico sectorial -- Políticas macroeconómicas para el desarrollo -- Comercio y desarrollo -- La globalización y el desarrollo -- Educación y desarrollo -- La cooperación internacional para el desarrollo -- El flujo del capital externo para el desarrollo -- La planeación económica en Colombia -- Planes de desarrollo económico y social -- Plan 2019 |
| 520 3# - SUMMARY, ETC. | |
| Summary, etc. | Hoy en día el tema del desarrollo no se puede estudiar sin considerar la globalización que algunos han querido catalogar como una política o un sistema, cuando en realidad es el resultado de la necesidad mundial de comunicación, intercambio, culturización y nivelación. El autor expone una serie de opiniones personales producto de su estudio, experiencia y el ejercicio de la cátedra.<br/>Esta segunda edición ampliada y actualizada presenta conceptos tradicionales y modernos, los principales modelos de desarrollo, el modelo sectorial y los instrumentos del desarrollo como son la planeación, el comercio exterior, la inversión, la productividad y la competitividad, entre otros. Adicionalmente, incorpora datos estadísticos e informaciones acerca del comportamiento y la evolución de los grandes agregados o variables económicas, promoviendo los estudios y las investigaciones sobre los procesos y el comportamiento del crecimiento de las economías del mundo.<br/>El texto está dirigido a los estudiantes de las Escuelas de Negocios y Ciencias Empresariales y de Economía, a los aficionados a la lectura y estudio de los mismos temas y todas aquellas profesionales que requieran de estos conocimientos básicos para el desarrollo de sus carreras |
| 650 14 - SUBJECT ADDED ENTRY--TOPICAL TERM | |
| Topical term or geographic name entry element | Desarrollo económico |
| 9 (RLIN) | 18160 |
| General subdivision | Países en desarrollo |
| 650 24 - SUBJECT ADDED ENTRY--TOPICAL TERM | |
| Topical term or geographic name entry element | Política económica |
| 9 (RLIN) | 41361 |
| 650 24 - SUBJECT ADDED ENTRY--TOPICAL TERM | |
| Topical term or geographic name entry element | Desarrollo social |
| 9 (RLIN) | 41362 |
| 650 24 - SUBJECT ADDED ENTRY--TOPICAL TERM | |
| Topical term or geographic name entry element | Planificación económica |
| 9 (RLIN) | 3241 |
| 942 ## - ADDED ENTRY ELEMENTS (KOHA) | |
| Source of classification or shelving scheme | Dewey Decimal Classification |
| Koha item type | Books |
| Withdrawn status | Lost status | Source of classification or shelving scheme | Damaged status | Not for loan | Collection code | Home library | Current library | Date acquired | Source of acquisition | Full call number | Barcode | Date last seen | Copy number | Koha item type |
|---|---|---|---|---|---|---|---|---|---|---|---|---|---|---|
| Dewey Decimal Classification | Non-fiction | Biblioteca Pública José María del Castillo y Rada | Biblioteca Pública José María del Castillo y Rada | 04/15/2018 | Donación | 338.9 / A283p | 430005991 | 05/16/2024 | Ej.1 | Books |